00886nam a22002417a 450000500170000001000180001702000260003502000260006103500140008703500140010103700130011508200080012810000170013624501780015326000640033127000760039530000700047150000170054170000190055870000220057770000270059970000180062620230918113914.0 aENG-138060-61 a9789355325426c899.00 a9789355325495c899.00 aEN-121592 aEN-121593 bDBAD/PUB a000 aSharma, Arun aGeneral Studies :bFor civil services Preliminary Examination/cBy Arun Sharma; Madhukar Kumar Bhagat and Abhijit Guha and coordinated by Surender Singh and Viriender Parmar aChennaibMcGraw Hill Education(India) Private Limitedc2024 aAnjana Complex No: 5/90 A, Butt Road, St. Thomas MountbChennaie600016 av.p.c27cm(pbk)bPaper Analysis(Paper 1), Question Paper(Paper-2) aPaper 1 to 2 aSurender Singh aParmar, Virinder  aBhagat, Madhukar Kumar aGuha, Abhijit